[Event "Cattolica op-B 8th"]
[Site "Cattolica"]
[Date "2021.05.30"]
[Round "4"]
[White "Taufer, Livio"]
[Black "Morganti, Lionello"]
[Result "0-1"]
[WhiteElo "1679"]
[BlackElo "1600"]
[PlyCount "76"]
[EventDate "2021.05.27"]
[EventType "swiss"]
[EventRounds "7"]
[EventCountry "ITA"]
[SourceTitle "CBM 203 Extra"]
[Source "ChessBase"]
[SourceDate "2021.09.30"]
[SourceVersion "1"]
[SourceVersionDate "2021.09.30"]
[SourceQuality "1"]

1. e4 d6 2. Nf3 Nf6 3. Nc3 g6 4. d4 c6 5. h3 Bg7 6. Be3 0-0 7. Qd2 b5 8. a3 Qa5 9. b4 Qc7 10. Bh6 Nbd7 11. Bxg7 Kxg7 12. Be2 Bb7 13. 0-0 Rac8 14. Bd3 a6 15. Rfe1 e5 16. dxe5 dxe5 17. Ne2 c5 18. Ng3 h6 19. a4 c4 20. Bf1 Rcd8 21. Nh4 Ng8 22. Qc3 f6 23. axb5 axb5 24. Red1 Nb6 25. Ngf5+ Kh7 26. Qg3 g5 27. Nf3 Bxe4 28. Ne3 Ne7 29. Nd4 Qd7 30. Ne2 Qe6 31. Nc3 Bc6 32. Ra6 Rxd1 33. Nexd1 Ned5 34. Nxd5 Nxd5 35. c3 Ra8 36. Rxa8 Bxa8 37. Be2 Nf4 38. Kf1 Bxg2+ 0-1

[Event "Verona-chT Serie C/8 51st"]
[Site "Verona"]
[Date "2019.03.17"]
[Round "5.4"]
[White "Taufer, Livio"]
[Black "Orlandi, Francesco"]
[Result "1-0"]
[WhiteElo "1724"]
[BlackElo "1339"]
[PlyCount "95"]
[EventDate "2019.03.15"]
[EventType "team-tourn"]
[EventRounds "5"]
[EventCountry "ITA"]
[SourceTitle "EXT 2022"]
[Source "ChessBase"]
[SourceDate "2021.10.06"]
[SourceVersion "1"]
[SourceVersionDate "2021.10.06"]
[SourceQuality "1"]
[WhiteTeam "Gardolo Trento Nettuno"]
[BlackTeam "Verona Pro Modena"]
[WhiteTeamCountry "ITA"]
[BlackTeamCountry "ITA"]

1. d4 d5 2. Nf3 Bf5 3. e3 e6 4. Nbd2 Nf6 5. h3 h6 6. b3 Nbd7 7. Bb2 Be7 8. c4 0-0 9. Be2 c6 10. 0-0 Re8 11. Ne5 Bd6 12. Ndf3 Be4 13. Bd3 Bxf3 14. Qxf3 Qc7 15. Nxd7 Qxd7 16. Rac1 e5 17. dxe5 Bxe5 18. Bxe5 Rxe5 19. Rfd1 Qe7 20. cxd5 Nxd5 21. Rc4 Re8 22. Bb1 Nxe3 23. fxe3 Rxe3 24. Qg4 Re1+ 25. Kh2 Qe5+ 26. Rf4 g5 27. Rxe1 Qxe1 28. Re4 Rxe4 29. Qxe4 Qxe4 30. Bxe4 Kg7 31. Kg3 Kf6 32. Kg4 Ke5 33. Bf3 f5+ 34. Kh5 Kf4 35. Kxh6 g4 36. hxg4 fxg4 37. Be2 g3 38. a4 Ke4 39. Kg5 Kd4 40. Kf4 Kc3 41. Bc4 a6 42. Kxg3 b5 43. axb5 axb5 44. Bf7 c5 45. Kf4 c4 46. bxc4 bxc4 47. g4 Kd4 48. Bxc4 1-0

[Event "Arco Christmas op 6th"]
[Site "Arco"]
[Date "2015.12.29"]
[Round "5"]
[White "Taufer, Livio"]
[Black "Filosi, Gianluigi"]
[Result "1/2-1/2"]
[WhiteElo "1768"]
[BlackElo "1620"]
[PlyCount "27"]
[EventDate "2015.12.26"]
[EventType "swiss"]
[EventRounds "7"]
[EventCountry "ITA"]
[SourceTitle "CBM 170 Extra"]
[Source "ChessBase"]
[SourceDate "2016.02.25"]
[SourceVersion "1"]
[SourceVersionDate "2016.02.25"]
[SourceQuality "1"]

1. d4 e6 2. Nf3 d5 3. e3 Nf6 4. Nbd2 b6 5. Bb5+ Bd7 6. Bd3 c5 7. b3 Bc6 8. Ne5 Qc7 9. Bb2 Nbd7 10. Nxc6 Qxc6 11. Nf3 Bd6 12. Ne5 Qc7 13. f4 Ne4 14. Nxd7 1/2-1/2

[Event "Arco op 36th"]
[Site "Arco"]
[Date "2014.10.08"]
[Round "5"]
[White "Taufer, Livio"]
[Black "Gousseinov, Aguif"]
[Result "0-1"]
[WhiteElo "1709"]
[BlackElo "1985"]
[PlyCount "58"]
[EventDate "2014.10.04"]
[EventType "swiss"]
[EventRounds "9"]
[EventCountry "ITA"]
[SourceTitle "EXT 2016"]
[Source "ChessBase"]
[SourceDate "2015.10.08"]
[SourceVersion "1"]
[SourceVersionDate "2015.10.08"]
[SourceQuality "1"]

1. d4 Nf6 2. Nf3 d5 3. e3 Bf5 4. Bd3 Bxd3 5. Qxd3 c6 6. 0-0 Nbd7 7. b3 e6 8. Bb2 Bd6 9. Ne5 0-0 10. Nd2 Qc7 11. f4 Ne8 12. c4 f6 13. Nxd7 Qxd7 14. Rf3 f5 15. Rh3 Nf6 16. Nf3 Ne4 17. Rf1 Qe7 18. Nd2 Nf6 19. Qe2 b6 20. Nf3 a5 21. Ne5 Bxe5 22. fxe5 Ne4 23. cxd5 cxd5 24. Rhf3 Qb4 25. Rd1 Rfc8 26. Rff1 a4 27. bxa4 Qxa4 28. Ra1 Rc2 29. Qd1 Rxb2 0-1

[Event "Arco Pasqua op 1st"]
[Site "Arco"]
[Date "2014.04.08"]
[Round "3"]
[White "Ventura, Sergio"]
[Black "Taufer, Livio"]
[Result "1-0"]
[WhiteElo "2100"]
[BlackElo "1684"]
[PlyCount "39"]
[EventDate "2014.04.06"]
[EventType "swiss"]
[EventRounds "7"]
[EventCountry "ITA"]
[SourceTitle "CBM 160 Extra"]
[Source "ChessBase"]
[SourceDate "2014.07.01"]
[SourceVersion "1"]
[SourceVersionDate "2014.07.01"]
[SourceQuality "1"]

1. Nf3 Nf6 2. g3 g6 3. Bg2 Bg7 4. c4 d6 5. d4 0-0 6. 0-0 c5 7. Nc3 Nc6 8. d5 Nb8 9. Qc2 Nbd7 10. Bg5 Ng4 11. h3 Nge5 12. Nd2 Nf6 13. e4 h6 14. Bf4 Nfd7 15. Bxe5 Bxe5 16. f4 Bg7 17. Nf3 e5 18. dxe6 fxe6 19. Rad1 Bxc3 20. bxc3 1-0